Word Scramble 4-Letter F-words - Statistics

General Stats
  • This quiz has been taken 37 times
  • The average score is 12 of 12
Answer Stats
Answer % Correct
face
100%
fact
100%
fade
100%
fail
100%
fake
100%
fall
100%
fame
100%
fare
100%
farm
100%
fast
100%
fate
100%
faux
100%
fawn
100%
fear
100%
feat
100%
feed
100%
feel
100%
fees
100%
feet
100%
fell
100%
fend
100%
fern
100%
feud
100%
fiat
100%
file
100%
fill
100%
film
100%
find
100%
fine
100%
fins
100%
fire
100%
firm
100%
fish
100%
fist
100%
fits
100%
five
100%
flag
100%
flak
100%
flap
100%
flat
100%
flaw
100%
flea
100%
fled
100%
flee
100%
flew
100%
flex
100%
flip
100%
flop
100%
flow
100%
flux
100%
foam
100%
foil
100%
fold
100%
folk
100%
font
100%
food
100%
fool
100%
foot
100%
ford
100%
fork
100%
form
100%
fort
100%
foul
100%
four
100%
frat
100%
fray
100%
fret
100%
frog
100%
from
100%
fuel
100%
fund
100%
funk
100%
fury
100%
fuse
100%
fuss
100%
fuzz
100%
figs
89%
fair
83%
fans
83%
free
83%
felt
75%
full
50%
fang
0%
No matching quizzes found
Score Distribution
Percent of People with Each Score
Percentile by Number Answered
Your Score History
You have not taken this quiz